Diario de un viaje a Salinas Grandes en los campos del sud de Buenos Aires /

Guardado en:
Autor Principal: García, Pedro A.
Formato: Libro
Idioma:Spanish
Publicado: Buenos Aires : Eudeba, 1974.
Series:Lucha de fronteras con el indio
Etiquetas: Agregar Etiqueta
Sin Etiquetas, Sea el primero en etiquetar este registro!
LEADER 00516nam a22001575a 4500
001 EUN.um051663
003 AR-BaUNS
005 20050623122918.0
008 041125s1974####ag############000#0#spa#d
245 1 0 |a Diario de un viaje a Salinas Grandes en los campos del sud de Buenos Aires /  |c Pedro A. García. 
260 |a Buenos Aires :  |b Eudeba,  |c 1974. 
300 |a 113 p. 
490 0 |a Lucha de fronteras con el indio 
100 1 |a García, Pedro A. 
082 0 4 |a 982.04 
859 |a Ar-BaUNS  |b BIB. CENTRAL - Sector A  |h 982.04  |i G165  |p 92551/985